| 000 | 00725cam a22002417a 4500 | ||
|---|---|---|---|
| 001 | 13045699 | ||
| 005 | 20180815051012.0 | ||
| 008 | 030102s2004 ohua b 001 0 eng | ||
| 010 | _a 2003100040 | ||
| 020 | _a0324184131 | ||
| 035 | _a(DLC) 2003100040 | ||
| 040 |
_aDLC _cDLC _dDLC |
||
| 041 | _aeng | ||
| 080 | _a33 | ||
| 082 | _233 | ||
| 100 | 1 | _a59 | |
| 101 | _aBUS | ||
| 245 | 1 | 0 |
_aQuantitative methods for business / _cDavid R. Anderson, Dennis J. Sweeney, Thomas A. Williams. |
| 504 | _aIncludes bibliographical references (p. [785]-786) and index. | ||
| 906 |
_a7 _bcbc _corignew _d2 _eepcn _f20 _gy-gencatlg |
||
| 942 |
_2ddc _cBK |
||
| 999 |
_c47181 _d47181 |
||